000 00521cam a2200205ua 4500
001 3921
005 20260515113743.0
008 111209n ii |||gr||||Z||||||asm
040 _cMAIN
082 _a782.25
100 1 _aDvija, Ramananda,
_eAuthor.
245 1 1 _aMahamoha kavya
_cby Ramananda Dvija
250 _a2nd.
260 _aGuwahati:
_bSahitya prakash samiti,958.
300 _a142p:
_c23cm.
653 _aAssamese song
653 _aMahamoha kavya
700 1 _aBaruah, Birichi Kumar,
_eEditor.
942 _cBK
999 _c3741
_d3741